000 00215nam a2200085Ia 4500
008 170620s9999 xx 000 0 und d
100 _aBare act
245 0 _aUP Regulation of Building act - 1958
260 _bEastren book Company
260 _c2001
999 _c28496
_d28496